Normal view
MARC view
- Year 2000 date conversion (Computer systems)
Entry Topical Term
001 - CONTROL NUMBER
- control field: 94893
003 - CONTROL NUMBER IDENTIFIER
- control field: NUST
005 - DATE AND TIME OF LATEST TRANSACTION
- control field: 20220725124226.0
008 - FIXED-LENGTH DATA ELEMENTS
- fixed length control field: 220725|| aca||aabn | a|a d
040 ## - CATALOGING SOURCE
- Original cataloging agency: NUST
- Transcribing agency: NUST
150 ## - HEADING--TOPICAL TERM
- Topical term or geographic name entry element: Year 2000 date conversion (Computer systems)
670 ## - SOURCE DATA FOUND
- Source citation: Work cat.: (NUST)175162: Feiler, Jesse. 94892, Finding and fixing your year 2000 problem :, c1998.
